00698nam a2200193 a 450000100100000000500170001000800410002704000250006810000370009324500390013026000520016930000280022150000720024950000260032150000260034704900090037395201050038299900170048700003636220200930075705.0120116s1982 mx 000 0 spa d aDO-SdBNPbspacBNPHU1 aLópez Alonso, Guillermo96254910aFundamentos de anestesiología /. aMéxico :bLa prensa Médica Mexicana,c1982. a320 p. :bil. ;c29 cm. aIncluye referencias bibliográficas y notas al pie de la páginas a4a reimpresión 1982 aTextos a dos columnas aBNPD 001050718MOaGRbGRcCTd2012-01-16iLF1l0o p36363-10r2020-06-25w2020-06-25y1ZNo se presta c35853d35853